Los problemas en la dirección de los negocios (Record no. 42656)

MARC details
000 -LEADER
campo de control de longitud fija 00576nam a2200169 i 4500
001 - NÚMERO DE CONTROL
campo de control 42656
003 - IDENTIFICADOR DE NÚMERO DE CONTROL
campo de control ES-MaACL
005 - FECHA Y HORA DE LA ÚLTIMA TRANSACCIÓN
campo de control 20230906160645.0
007 - CAMPO FIJO DE DESCRIPCIÓN FÍSICA--INFORMACIÓN GENERAL
campo de control de longitud fija t|
008 - DATOS DE LONGITUD FIJA--INFORMACIÓN GENERAL
campo de control de longitud fija 030313s1958 sp ||||1| spa d
100 1# - ENTRADA PRINCIPAL--NOMBRE DE PERSONA
Nombre de persona Cerami, Charles A.
9 (RLIN) 37442
245 14 - MENCIÓN DEL TÍTULO
Título Los problemas en la dirección de los negocios
Resto del título : cómo simplificarlos y resolverlos /
Mención de responsabilidad, etc. por Charles A. Cerami ; [traducción por Rafael Estartús].
260 ## - PUBLICACIÓN, DISTRIBUCIÓN, ETC.
Lugar de publicación, distribución, etc. Barcelona :
Nombre del editor, distribuidor, etc. Omega,
Fecha de publicación, distribución, etc. [1958] (
Fabricante Salvá)
300 ## - DESCRIPCIÓN FÍSICA
Extensión 300 p. ;
Dimensiones 22 cm.
700 1# - ENTRADA AGREGADA--NOMBRE PERSONAL
Nombre de persona Estartús, Rafael.
9 (RLIN) 48021
852 ## - LOCALIZACIÓN
Ubicación ES-MaACL
Número de control de estantería C-15479
Sublocalización o colección R.43258
Holdings
Estatus retirado Estado de pérdida Estado de daño No para préstamo Biblioteca de origen Biblioteca actual Ubicación en estantería Fecha de adquisición Fuente de adquisición Total de préstamos Signatura topográfica completa Código de barras Visto por última vez Precio de reemplazo Tipo de ítem Koha
        Biblioteca del Ateneo de Madrid Biblioteca del Ateneo de Madrid Ficheros 17/01/2008     C-15479 1044901 23/02/2023 23/02/2023 Libro impreso